000 00378 a2200169 4500
001 163966
020 _a85-7311-036-8
040 _cMagnum
100 _aLienas, Gemma
240 1 0 _aAssim é a vida, carlota
_lpor
245 1 0 _aAssim é a vida, carlota
300 _a151
362 0 _a1994
440 1 _aPaulinas
697 _aLITERATURA JUVENIL ESTRANGEIRA
942 _cBK
999 _c163966
_d163966